Đặc điểm tiểu thuyết lịch sử của Hồ Biểu Chánh : Luận văn Thạc sĩ Văn học Chuyên ngành Văn học Việt Nam

Đề tài tìm hiểu những hình ảnh về cuộc sống, con người trong tiểu thuyết lịch sử của nhà văn cũng như chỉ ra những nét truyền thống và cách tân trong nghệ thuật sáng tác của nhà văn Nam Bộ Hổ Biểu Chánh....

Descrizione completa

Salvato in:
Dettagli Bibliografici
Autore principale: Phạm, Kiều Dung
Natura: Libro
Lingua:Undetermined
Pubblicazione: Cần Thơ Trường Đại học Cần Thơ 2010
Soggetti:
Tags: Aggiungi Tag
Nessun Tag, puoi essere il primo ad aggiungerne! !
Thư viện lưu trữ: Trung tâm Học liệu Trường Đại học Cần Thơ
LEADER 01165nam a2200229Ia 4500
001 CTU_163872
008 210402s9999 xx 000 0 und d
082 |a 895.9223009 
082 |b D513 
088 |a 60220121 
100 |a Phạm, Kiều Dung 
245 0 |a Đặc điểm tiểu thuyết lịch sử của Hồ Biểu Chánh : 
245 0 |b Luận văn Thạc sĩ Văn học Chuyên ngành Văn học Việt Nam 
245 0 |c Phạm Kiều Dung ; Lê Ngọc Thuý (Hướng dẫn Khoa học) 
260 |a Cần Thơ 
260 |b Trường Đại học Cần Thơ 
260 |c 2010 
520 |a Đề tài tìm hiểu những hình ảnh về cuộc sống, con người trong tiểu thuyết lịch sử của nhà văn cũng như chỉ ra những nét truyền thống và cách tân trong nghệ thuật sáng tác của nhà văn Nam Bộ Hổ Biểu Chánh. 
650 |a Vietnamese literature,Văn học Việt Nam 
650 |x Research,Nghiên cứu 
904 |i Trọng Hải 
980 |a Trung tâm Học liệu Trường Đại học Cần Thơ